• 首页
  • 本馆介绍
  • 公告通知
  • 最新文献
  • 馆藏检索
  • 电子资源
  • 读者导购
  • 参考咨询
  • 我的图书馆
  • 登录
  • 详细信息显示
  • 放入我的书架
  • 预约/预借图书
  • 作者相关作品
  • 分类相关作品
  • 丛书相关作品
  • 出版社相关作品

书目信息

  • 表格格式
  • 工作单格式
  • 卡片格式
题名:
沙漠化防治的传统知识与技术
    
 
作者: 杨文斌 , 韩广 , 吴波 主编
分册:  
出版信息: 北京   中国林业出版社  2020.11
页数: 12,298页
开本: 26cm
丛书名:
单 册:
中图分类: P941.73
科图分类:
主题词: 沙漠化--防治
电子资源:
ISBN: 978-7-5219-0857-2
000 00894nam0 2200253 45
001 012001002242
005 20140913151504.0
010    @a978-7-5219-0857-2@dCNY90.00
100    @a20210305d2020 em y0chiy50 ea
101 0  @achi
102    @aCN@b110000
105    @ay z 000yy
106    @ar
200 1  @a沙漠化防治的传统知识与技术@Asha mo hua fang zhi de chuan tong zhi shi yu ji shu@b专著@f杨文斌,韩广,吴波编著
210    @a北京@c中国林业出版社@d2020.11
215    @a12,298页@d26cm
330    @a本书从沙漠化防治的传统知识与技术切入,对现有沙漠化防治的知识与技术进行了总结,把一线技术人员的实践经验融入到防治沙漠化的知识与技术里。
606 0  @a沙漠化@x防治
690    @aP941.73@v5
701  0 @a杨文斌@Ayang wen bin@4主编@4编著
701  0 @a韩广@Ahan guang@4主编@4编著
701  0 @a吴波@Awu bo@4主编@4编著
801  0 @aCN@bBJSDL@c20211011
905    @b1338976-9@dP941.73@e211@f4
    
    沙漠化防治的传统知识与技术/杨文斌,韩广,吴波编著.-北京:中国林业出版社,2020.11
    12,298页;26cm
    
    
    ISBN 978-7-5219-0857-2:CNY90.00
    本书从沙漠化防治的传统知识与技术切入,对现有沙漠化防治的知识与技术进行了总结,把一线技术人员的实践经验融入到防治沙漠化的知识与技术里。
●
相关链接 在E读中查询图书 在五车中查询图书 在当当中查询图书 在豆瓣中查询图书


正题名:沙漠化防治的传统知识与技术     索取号:P941.73/211         预约/预借

序号 登录号 条形码 馆藏地/架位号 状态 备注
1 1338976   213389769   第二样本阅览室/ [索取号:P941.73/211] 在馆    
2 1338977   213389778   第三借阅区/ [索取号:P941.73/211] 在馆    
3 1338978   213389787   第三借阅区/ [索取号:P941.73/211] 在馆    
4 1338979   213389796   第三借阅区/ [索取号:P941.73/211] 在馆    
唐山师范学院图书馆 欢迎您!
大连网信软件有限公司© 版权所有